Представление документа в формате RUSMARC

ПолеНазваниеЗначение
  Тип записи i
  Библиографический уровень m
001 Контрольный номер RU/IS/BASE/555672860
005 Дата корректировки 20241022093935.3
010 Индекс ISBN __
d Цена 383-40
100 Данные общей обработки __
a Данные общей обработки 19170810d2014||||||| 0rusy0189 ca
101 Язык документа 1_
a Язык текста rus
c Язык оригинала nnn
102 Страна публикации __
a Страна публикации ru|
105 Кодированные данные (монография) __
a Кодированные данные (монография) nn|||||||f|zy
127 Кодированные данные (звукозаписи-физические характеристики) __
a Продолжительность проигрывания 21 ч
200 Заглавие и сведения об ответственности 1_
a Заглавие Американские боги
e Сведения, относящиеся к заглавию [аудиокнига : 18+]
f Первые сведения об ответственности Нил Гейман ; читает Петр Смирнов ; [перевод: В. Михайлин, Е. Решетникова]
b Общее обозначение материала Звукозапись
210 Выходные данные __
a Место издания Москва
c Издательство Аудиокнига
d Дата издания 2014
215 Физическое описание __
a Объем 2 электрон. опт. диска (Audio CD)
c Иллюстрации/тип воспроизводства mp3
d Формат 12х14 см
230 Специфическая характеристика материала: электронные ресурсы __
a Обозначение и объем ресурса Электронные звуковые данные
300 Общие примечания __
a Общие примечания Заглавие с этикетки диска
300 Общие примечания __
a Общие примечания На кор.: 12+
300 Общие примечания __
a Общие примечания Содержит нецензурную брань
323 Примечание о главных создателях, исполнителях, участниках __
a Примечание о главных создателях, исполнителях, участниках Смирнов, П. (читает)
330 Аннотация __
a Аннотация Американские боги. Боги, которых привели в Новый свет многочисленные иммигранты. Боги, являющиеся объектом поклонения для индейских племен. Боги абсолютно новых культов - телевидения, бизнеса, науки... Царица Савская, прирабатывающая проституткой на темных улицах... Мать Войны Морриган, исполняющая стриптиз в ночном клубе... Анубис, руководящий похоронной конторой в глухой провинции... Американские боги начали эту войну. Но исход этой войны - будет зависеть не от богов, а от человека!
333 Примечание о целевом назначении __
a Примечание о целевом назначении 18+. Запрещено для детей
337 Примечание о системных требованиях (электронные ресурсы) __
a Примечание о системных требованиях (электронные ресурсы) Системные требования: CD-плеер с поддержкой MP3 ; Pentium-233 с Windows 9x-XP ; CD-ROM ; звуковая карта
606 Тематические рубрики __
a Основная рубрика Художественная литература
606 Тематические рубрики __
a Основная рубрика Литература Европы (произведения)
y Географическая подрубрика Великобритания
y Географическая подрубрика США
610 Ключевые слова __
a Ключевые слова английская литература
a Ключевые слова зарубежная литература
a Ключевые слова иностранная литература
a Ключевые слова романы
a Ключевые слова тема любви
a Ключевые слова тема отцов
a Ключевые слова тема поиска
a Ключевые слова тема приключений
a Ключевые слова тема родины
a Ключевые слова фантастические романы
a Ключевые слова фэнтези
a Ключевые слова фэнтези
a Ключевые слова экранизированные книги
686 Индексы других классификаций __
2 Код системы rubbks
a Классификационный индекс 84(4Вел)6-445я04
700 Автор _1
a Фамилия Гейман
b Имя Н.
f Даты 1960-
g Полное личное имя Нил
4 Код отношения 070
702 Вторичная интеллектуальная ответственность _1
a Фамилия Михайлин
b Имя В.
4 Код отношения Переводчик
4 Код отношения 730
702 Вторичная интеллектуальная ответственность _1
a Фамилия Решетникова
b Имя Е.
4 Код отношения Переводчик
4 Код отношения 730
801 Источник записи _0
a Страна ru
b Организация Муниципальное бюджетное учреждение культуры "Централизованная библиотечная система" г. Сургут (Центральная городская библиотека им. А. С. Пушкина)
c Дата составления 20170810
g Правила каталогизации КиК/Апакова
801 Источник записи _1
a Страна ru
b Организация Муниципальное бюджетное учреждение культуры "Централизованная библиотечная система" г. Сургут (Центральная городская библиотека им. А. С. Пушкина)
c Дата составления 20170810
g Правила каталогизации КиК/Апакова
852 Данные о местонахождении __
j Шифр хранения 84(4Вел)6-445я04
i Авторский знак Г 29
901 Тип документа __
t Тип документа 0
903 Характеристики (МАРС) __
a Дата передачи 20170810
969 Тип издания __
a Тип издания аудиокнига; издание для слепых
990 Данные о заказе (DOS) __
j Количество экземпляров (DOS) 3
t N записи в КСУ для И/У (DOS) 201708